00707nam a2200193 i 450000100060000000300090000600500170001500700030003200800410003510000320007624501200010825000130022826000600024130000220030170000310032385200210035499900170037595201210039231120ES-MaACL20230906154320.0t|030128s1915 fr ||||1| fre d1 aBaudelaire, Charles.92651313aLe spleen de Paris b: petits poemes en prose / cCharles Baudelaire ; edition revue... et publie par Ad Van Bever. a3eme ed. a[S.l. : bs.n., c1915] (eTours : fE. Arrault et Cie) a290 p. ; c18 cm.0 aBever, Adolphe van.928713 aES-MaACLjF-3507 c31120d31120 00104070aATENEOMbATENEOMcDEPO2d2008-01-17eSCl0oF-3507p1032150r2023-02-23 00:00:00w2023-02-23yMONOGRAFIA